Normal view
MARC view
Entry Personal Name
001 - CONTROL NUMBER
- control field: 2967
003 - CONTROL NUMBER IDENTIFIER
- control field: BD-RjUL
005 - DATE AND TIME OF LATEST TRANSACTION
- control field: 20220512113959.0
008 - FIXED-LENGTH DATA ELEMENTS
- fixed length control field: 220512|| aca||aabn | a|a d
040 ## - CATALOGING SOURCE
- Original cataloging agency: BD-RjUL
- Transcribing agency: BD-RjUL
100 ## - HEADING--PERSONAL NAME
- Personal name: [Qadi Omar Mukhtar][القاضي, عمر مختار
670 ## - SOURCE DATA FOUND
- Source citation: Work cat.: (BD-RjUL)79791: [Qadi Omar Mukhtar][القاضي, عمر مختار, فن النحت وصنع التماثل من وجهة نظر إسلامية = Sculpture and the making of statues from an islamic point of view = Sculpture et gravure d'un point de vue islamique /, 1996